Insight guides : Malaysia.
| Format: | Book |
|---|---|
| Published: |
London:
APA Publications,
2012.
|
| Edition: | 19th ed.. |
| Subjects: |
| LEADER | 00408cam a2200145 7i4500 | ||
|---|---|---|---|
| 001 | 0000031437 | ||
| 005 | 20190906090000.0 | ||
| 020 | # | # | |a 9781780051079 |
| 090 | 0 | 0 | |a B 910.202 |b INS (LRM) |
| 245 | 0 | 0 | |a Insight guides : |b Malaysia. |
| 250 | 0 | 0 | |a 19th ed.. |
| 260 | 0 | 0 | |a London: |b APA Publications, |c 2012. |
| 300 | # | # | |a 424 p. |
| 651 | 0 | 0 | |a Malaysia -- |x Guidebooks |
| 999 | |a B000034764 |b Book |c Countries |e Business Information Centre | ||


